| 000 | 00497nam a2200157 a 4500 | ||
|---|---|---|---|
| 005 | 20140412111230.0 | ||
| 008 | 020311s19uu xx 00 eng d | ||
| 050 |
_aER _bTe22 1994 |
||
| 100 | _aHoleinone, Peter | ||
| 245 |
_aTeddy's wonderful house. / _cillustrations by Tony Wolf; text by Peter Holeinone. |
||
| 260 |
_aMontreal, Canada : _bTormont Publications Inc, _c1994. |
||
| 300 | _a1 v. (unp.); ill. | ||
| 650 |
_aBears _xFiction |
||
| 650 |
_aChildren stories _xFiction |
||
| 999 |
_c102158 _d102158 |
||